000
00222nam a2200097Ia 4500
001
705441
005
20250826162430.0
008
250824s9999 xx 000 0 und d
245
0
_a
ŞÖLEN
_c
PLATON
260
_b
ŞULE YAYINLARI
999
_c
705441
_d
705441